|
|
|
|
| LEADER |
00000nam2a2200000 4500 |
| 001 |
305956 |
| 005 |
20231102001841.0 |
| 010 |
|
|
|a 9785434402804
|
| 035 |
|
|
|a (RuTPU)RU\TPU\book\331232
|
| 090 |
|
|
|a 305956
|
| 100 |
|
|
|a 20151001d2015 k y0rusy50 ca
|
| 101 |
0 |
|
|a rus
|
| 102 |
|
|
|a RU
|
| 105 |
|
|
|a a z 001zy
|
| 200 |
0 |
|
|a Т. 1 : Гидродинамика: принципы моделирования, автомодельные и конические течения
|
| 210 |
|
|
|d 2015
|
| 215 |
|
|
|a 511 с.
|c ил.
|
| 320 |
|
|
|a Библиогр. в конце ст.
|
| 330 |
|
|
|a Сборник посвящен 80-летию известного российского механика Станислава Куприяновича Бетяева. Здесь представлены его основные работы по разным областям динамики жидкости, написанные в разные годы. Подборка статей представляет собой введение в различные разделы гидродинамики. Издание будет полезно студентам, аспирантам и исследователям соответствующего профиля. Несомненным достоинством сборника является то, что автором представлен обзор открытых проблем, решение которых может опираться на публикуемые здесь работы.В этот том вошли статьи по вопросам моделирования ламинарных течений, асимптотологии, теории вихрей, спиральным течениям и сингулярным решениям уравнения Навье—Стокса для несжимаемой жидкости.
|
| 461 |
|
1 |
|0 (RuTPU)RU\TPU\book\315863
|y 978-5-4344-0279-8
|t Избранные труды
|f С. К. Бетяев
|v Т. 1 : Гидродинамика: принципы моделирования, автомодельные и конические течения
|d 2015
|
| 606 |
1 |
|
|a Гидродинамика
|2 stltpush
|3 (RuTPU)RU\TPU\subj\6651
|9 34481
|
| 610 |
1 |
|
|a физика
|
| 610 |
1 |
|
|a моделирование
|
| 610 |
1 |
|
|a асимптотология
|
| 610 |
1 |
|
|a вихри
|
| 610 |
1 |
|
|a автомодельные течения
|
| 610 |
1 |
|
|a конические течения
|
| 610 |
1 |
|
|a спиральные течения
|
| 610 |
1 |
|
|a сингулярные решения
|
| 610 |
1 |
|
|a большие скорости
|
| 610 |
1 |
|
|a уравнения Навье-Стокса
|
| 610 |
1 |
|
|a жидкости
|
| 610 |
1 |
|
|a избранные труды
|
| 675 |
|
|
|a 532.5
|v 4
|
| 801 |
|
1 |
|a RU
|b 63413507
|c 20151001
|
| 801 |
|
2 |
|a RU
|b 63413507
|c 20160323
|g RCR
|
| 900 |
|
|
|a Гидродинамика
|
| 942 |
|
|
|c BK
|
| 959 |
|
|
|a 108/20150903
|d 1
|e 430,00
|f ЧЗТЛ:1
|